书目信息 |
| 题名: |
微控制器USB的技术及应用入门
|
|
| 作者: | ;工业和信息化部 , 恩智浦中国管理公司 编著 | |
| 分册: | ||
| 出版信息: | 北京 电子工业出版社 2021.4 |
|
| 页数: | 28,287页 | |
| 开本: | 24cm | |
| 丛书名: | 物联网与人工智能应用开发丛书 | |
| 单 册: | ||
| 中图分类: | TP332.3 , TP336 | |
| 科图分类: | ||
| 主题词: | 微控制器--USB总线 | |
| 电子资源: | ||
| ISBN: | 978-7-121-34586-9 | |
| 000 | 01475nam0 2200325 45 | |
| 001 | 012001002114 | |
| 005 | 20140913112834.0 | |
| 010 | @a978-7-121-34586-9@dCNY79.00 | |
| 100 | @a20180730d2018 em y0chiy50 ea | |
| 101 | 0 | @achi |
| 102 | @aCN@b110000 | |
| 105 | @aa z 000yy | |
| 106 | @ar | |
| 200 | 1 | @a微控制器USB的技术及应用入门@Awei kong zhi qi USB de ji shu ji ying yong ru men@b专著@f工业和信息化部人才交流中心,恩智浦(中国)管理有限公司编著 |
| 210 | @a北京@c电子工业出版社@d2021.4 | |
| 215 | @a28,287页@c图@d24cm | |
| 225 | 1 | @a物联网与人工智能应用开发丛书 |
| 300 | @a“工业和信息化领域专业技术人才知识更新工程”培训用书 | |
| 300 | @a并列题名:Access USB technology and application based on microcontrollers | |
| 312 | @a封面英文题名:Access USB technology and application based on microcontrollers | |
| 330 | @a本书从工程师应用角度出发,首先介绍了USB基础及协议、USB硬件设计、基于SDK的USB协议栈,然后详细介绍了HID类、MSC类、CDC类、Audio类、组合类、HUB应用开发及实例,最后介绍了USB兼容性测试方面的知识。 | |
| 461 | 0 | @12001 @a物联网与人工智能应用开发丛书 |
| 510 | 1 | @aAccess USB technology and application based on microcontrollers@zeng |
| 606 | 0 | @a微控制器@xUSB总线 |
| 690 | @aTP332.3@v5 | |
| 690 | @aTP336@v5 | |
| 711 | 02 | @a工业和信息化部@Agong ye he xin xi hua bu@b人才交流中心@4编著 |
| 711 | 02 | @a恩智浦中国管理公司@Aen zhi pu zhong guo guan li gong si@4编著 |
| 801 | 0 | @aCN@bBJSDL@c20211011 |
| 905 | @b1338492-4@dTP332.3@e225@f3 | |
| 微控制器USB的技术及应用入门/工业和信息化部人才交流中心,恩智浦(中国)管理有限公司编著.-北京:电子工业出版社,2021.4 |
| 28,287页:图;24cm.-(物联网与人工智能应用开发丛书) |
| “工业和信息化领域专业技术人才知识更新工程”培训用书.-并列题名:Access USB technology and application based on microcontrollers |
| ISBN 978-7-121-34586-9:CNY79.00 |
| 本书从工程师应用角度出发,首先介绍了USB基础及协议、USB硬件设计、基于SDK的USB协议栈,然后详细介绍了HID类、MSC类、CDC类、Audio类、组合类、HUB应用开发及实例,最后介绍了USB兼容性测试方面的知识。 |
| ● |
| 相关链接 |
|
|
|
|
正题名:微控制器USB的技术及应用入门
索取号:TP332.3/225
 
预约/预借
| 序号 | 登录号 | 条形码 | 馆藏地/架位号 | 状态 | 备注 |
| 1 | 1338492 | 213384924 | 第二样本阅览室/ [索取号:TP332.3/225] | 在馆 | |
| 2 | 1338493 | 213384933 | 第三借阅区/ [索取号:TP332.3/225] | 在馆 | |
| 3 | 1338494 | 213384942 | 第三借阅区/ [索取号:TP332.3/225] | 在馆 |